<?xml version="1.0" encoding="UTF-8"?>
<marc:record xmlns:marc="http://www.loc.gov/MARC21/slim">
   <marc:leader>00000nam a2200000 a 4500</marc:leader>
   <marc:datafield ind1="1" ind2=" " tag="100">
      <marc:subfield code="a">Velan, Christine</marc:subfield>
      <marc:subfield code="4">aut</marc:subfield>
      <marc:subfield code="e">Verfasser/-in</marc:subfield>
   </marc:datafield>
   <marc:datafield ind1="0" ind2="0" tag="245">
      <marc:subfield code="a">Der blinde Fleck</marc:subfield>
   </marc:datafield>
   <marc:datafield ind1="0" ind2="0" tag="245">
      <marc:subfield code="b">Roman</marc:subfield>
   </marc:datafield>
   <marc:datafield ind1="0" ind2="0" tag="245">
      <marc:subfield code="c">Christine Velan</marc:subfield>
   </marc:datafield>
   <marc:datafield ind1=" " ind2="1" tag="264">
      <marc:subfield code="a">Wien</marc:subfield>
      <marc:subfield code="b">Braumüller Literaturverl.</marc:subfield>
      <marc:subfield code="c">2011</marc:subfield>
   </marc:datafield>
   <marc:datafield ind1=" " ind2=" " tag="250">
      <marc:subfield code="a">1. Aufl.</marc:subfield>
   </marc:datafield>
   <marc:datafield ind1="1" ind2=" " tag="520">
      <marc:subfield code="a">Angaben aus der Verlagsmeldung

Der blinde Fleck : Roman / von Christine Velan

Von einem Tag auf den anderen muss Louise ihre gewohnte Umgebung in Frankreich verlassen. Mit ihrer unter einer Augenkrankheit leidenden Mutter geht sie nach Deutschland. Das fremde Land, die neue Sprache und die Rituale des großbürgerlichen, blitzblankaseptischen Arzthaushaltes der deutschen Großeltern werfen das entwurzelte Kind zurück auf seine einzige Bezugsperson, die Mutter. Deren langsame Erblindung begreifen die Großeltern vor allem als gesellschaftlichen Makel. Im gleichen Maß wie die Erwachsene ihre Sehkraft und Handlungsfreiheit verliert, muss das Kind für sie sehen. Das Abhängigkeitsverhältnis der beiden verdichtet sich zunehmend, während die Mutter mehr und mehr jegliche Orientierung verliert ...
Die erzählende Stimme, Louise, beschreibt die fortschreitende Hilflosigkeit ihrer Mutter und die erstickend beengenden familiären Verhältnisse lakonisch, mit der Leichtigkeit und Unbestechlichkeit des kindlichen Blicks und zugleich mit sezierender Genauigkeit und einer besonderen Vorliebe für Details und Farben. Der Dramatikerin Christine Velan gelingt es, die atmosphärische Dichte ihrer Bühnenwerke in ihrem aufwühlenden Roman Der blinde Fleck gekonnt umzusetzen.
</marc:subfield>
   </marc:datafield>
   <marc:datafield ind1=" " ind2=" " tag="020">
      <marc:subfield code="a">9783992000197</marc:subfield>
      <marc:subfield code="9">9783992000197</marc:subfield>
   </marc:datafield>
   <marc:datafield ind1=" " ind2=" " tag="300">
      <marc:subfield code="a">311 S.</marc:subfield>
   </marc:datafield>
</marc:record>
